| 000 | 00636nam a2200205 a 4500 | ||
|---|---|---|---|
| 001 | 1783 | ||
| 003 | CDMR | ||
| 005 | 20131119111412.0 | ||
| 008 | 130130s1969||||||||||||||||||||||||||||d | ||
| 040 |
_aCDMR _bcat _cCDMR |
||
| 100 | 1 |
_aFolliet, Joseph _91337 |
|
| 245 | 1 | 2 |
_aL'information moderne et le droit a l'information _cJoseph Folliet |
| 260 |
_aParís _c1969 _bChronique Sociale de France |
||
| 300 |
_a327 p ; _c18 cm |
||
| 490 | 0 | _aLe fond du problème | |
| 650 | 0 | 4 |
_aLlibertat d'informació _91574 |
| 650 | 0 | 4 |
_aComunicació _92085 _xTeoria |
| 650 | 0 | 4 |
_aMitjans de comunicació de massa _93370 _xDret i legislació |
| 942 |
_cMON _2udc |
||
| 999 |
_c1783 _d1783 |
||